[Event "Satka Autumn 2020"]
[Site "Satka"]
[Date "2020.10.21"]
[Round "1.10"]
[White "Zherebtsova, Alexandra"]
[Black "Stroganova, Karina"]
[Result "1-0"]
[WhiteElo "2225"]
[BlackElo "1825"]
[Annotator "TA"]
[PlyCount "61"]
[EventDate "2020.10.21"]
[EventType "swiss"]
[EventCountry "RUS"]
[SourceTitle "playchess.com"]
[Source "ChessBase"]
[SourceQuality "1"]

{[%evp 12,61,26,27,22,25,50,22,33,15,18,17,39,36,124,127,129,117,174,170,188,199,225,209,246,272,252,199,251,158,253,226,879,878,775,875,875,854,872,875,866,837,1208,1095,1007,907,1223,1239,1130,1089,1525,1462]} 1. d4 d5 2. c4 dxc4 3. Nf3 Nf6 4. e3 e6 5. Bxc4 a6 6. O-O b5 7. Be2 Nbd7 {D26: Queen's Gambit Accepted: 4 e3 e6 5 Bxc5 c5 sidelines.} 8. a4 b4 9. Nbd2 {[%cal Bb1d2,Bd2c4,Bc4e5][%mdl 32]} c5 {The position is equal.} 10. a5 Bb7 11. Nc4 cxd4 {[#]} 12. Nxd4 $146 ({Predecessor:} 12. Qxd4 Bd5 13. b3 Bc5 14. Qf4 Ne4 15. Bb2 O-O 16. Nfe5 Nxe5 17. Qxe5 f6 18. Qh5 {½-½ (25) Virtanen,A (2263)-Jarvenpaa,J (2307) Finland 2018}) 12... Rc8 (12... Be7 $14) 13. Qa4 $16 Be7 14. Bd2 $36 {[%mdl 2048] Keeping Black busy.} Nd5 (14... O-O $16 {was necessary.}) 15. Ne5 $18 Bd6 {[#]} 16. Ndf3 $1 f6 17. Nc4 Be7 18. e4 Bc6 19. Qc2 Bb5 (19... b3 {is a better defense.} 20. Qxb3 Nc5) 20. exd5 exd5 {[#]} (20... Bxc4 $16 21. Bxc4 exd5) 21. Nd4 $1 Kf7 $2 (21... Ne5 22. Nxb5 axb5 {[%mdl 64] Pin}) 22. Qf5 {White wants to mate with Bh5+.White is clearly winning.} Bxc4 23. Bxc4 dxc4 24. Qd5+ Kg6 25. Ne6 {Threatening mate with Nf4+.} Qe8 26. Rfe1 Ne5 27. Nf4+ Kh6 28. Qe6 {Black must now prevent Qh3+.} g6 {[#]} 29. Nh5+ $1 {[%mdl 512]} g5 (29... Kxh5 30. Qh3#) 30. Nxf6 Qg6 31. Qxe7 {Black did not feel at home in the position after the opening. Av CentiPawn Loss W=-19/B=-79. Weighted=-20/-108} 1-0

[Event "Satka Autumn 2020"]
[Site "Satka"]
[Date "2020.10.21"]
[Round "1.11"]
[White "Nasybullina, Dayana"]
[Black "Doroshenko, Diana"]
[Result "1/2-1/2"]
[WhiteElo "1802"]
[BlackElo "2214"]
[Annotator "TA"]
[PlyCount "81"]
[EventDate "2020.10.21"]
[EventType "swiss"]
[EventCountry "RUS"]
[SourceTitle "playchess.com"]
[Source "ChessBase"]
[SourceQuality "1"]

{[%evp 11,81,33,28,16,24,-8,35,4,12,11,19,20,35,35,34,24,63,59,61,33,50,29,38,20,22,11,14,16,37,-20,-16,-29,50,59,43,0,63,43,45,45,57,-10,7,-8,8,10,16,22,132,95,294,0,0,0,0,0,0,0,26,33,151,0,0,0,0,0,0,0,0,0,0,0]} 1. Nf3 Nf6 2. c4 c5 3. Nc3 d5 4. cxd5 Nxd5 5. e4 Nxc3 6. bxc3 e6 7. Bb5+ {D41: Queen's Gambit Declined: Semi-Tarrasch with 5 cxd5.} Bd7 8. Rb1 (8. Be2 {keeps more tension.} Bc6 9. Qc2 Nd7 10. O-O Be7 11. d3) 8... b6 {[#]} 9. d4 $146 {White is slightly better.} ({Predecessor:} 9. Qa4 Qc7 10. O-O Bxb5 11. Qxb5+ Qc6 12. d4 Qxb5 13. Rxb5 Nd7 14. Bf4 Rc8 15. d5 exd5 16. exd5 {1-0 (49) Liska,J (1940)-Molnar,L (1800) Pardubice 2010}) 9... Bxb5 10. Rxb5 Nd7 11. O-O Be7 12. d5 exd5 13. exd5 Nf6 14. c4 O-O 15. a4 Ne8 16. Bf4 Bd6 17. Bg5 Qd7 18. Re1 f6 19. Bd2 Rb8 20. a5 (20. Qc2 $14) 20... Nc7 $11 21. Rb1 Rb7 (21... b5 $11) 22. axb6 axb6 23. Qc1 Qf5 (23... b5 $11) 24. Nh4 $36 {[%mdl 2048] White has good play.} Qg4 25. g3 b5 26. cxb5 ({White should try} 26. Qc2 $14) 26... Rfb8 ({Reject} 26... Nxd5 27. f4 $14) 27. f3 Qh5 28. Bf4 $1 {[%cal Rf4d6]} Bxf4 29. Qxf4 {Hoping for d6.} Nxb5 (29... Qg5 $1 $11) 30. Nf5 {Threatens to win with Re7.} Qf7 $2 {[#]} (30... g6 $16 31. Ne7+ {[%mdl 64] Discovered Attack} Kg7) 31. Nd6 $2 (31. Re7 $1 $18 {[%mdl 512]} Qf8 (31... Rxe7 32. Nxe7+) 32. d6 Nxd6 33. Rbxb7 Rxb7 34. Qxd6 Rxe7 35. Qxe7) 31... Nxd6 $11 32. Rxb7 Qxb7 33. Qxd6 {[%mdl 4096] Endgame KQR-KQR} c4 34. Qe6+ Qf7 35. Qc6 Rd8 (35... h6 $14) 36. Qxc4 $2 {[#]} (36. d6 $16 {aiming for Re7.} c3 37. Qxc3 (37. Re7 Qf8 $16)) 36... Qxd5 {The position is equal.} 37. Qxd5+ Rxd5 38. Kg2 Kf7 39. g4 Ra5 40. Kg3 Ra3 41. Rb1 {Av CentiPawn Loss W=-23/B=-24. Weighted=-45/-25} 1/2-1/2

[Event "Satka Autumn 2020"]
[Site "Satka"]
[Date "2020.10.21"]
[Round "1.12"]
[White "Protopopova, Anastasiya"]
[Black "Baranova, Elizaveta"]
[Result "1-0"]
[WhiteElo "2210"]
[BlackElo "1794"]
[Annotator "TA"]
[PlyCount "77"]
[EventDate "2020.10.21"]
[EventType "swiss"]
[EventCountry "RUS"]
[SourceTitle "playchess.com"]
[Source "ChessBase"]
[SourceQuality "1"]

{[%evp 17,77,70,94,87,100,84,115,46,108,85,80,85,109,114,110,85,101,85,102,74,92,93,89,85,152,152,152,159,140,150,161,155,187,123,128,129,126,133,160,150,160,164,165,148,166,166,303,303,410,405,399,303,297,296,297,297,300,298,297,297,297,289]} 1. d4 Nf6 2. c4 c5 3. d5 b5 4. cxb5 a6 5. e3 g6 6. Nc3 Bg7 7. e4 d6 8. Nf3 O-O 9. a4 Nbd7 10. Bd2 {was the old line (10.h3). A57: Benko/Volga Gambit.} Bb7 11. Be2 axb5 12. axb5 {[#]} (12. Bxb5 $16 e6 13. dxe6 fxe6 14. Qe2) 12... Qb6 $146 (12... Rxa1 $14 13. Qxa1 e6) ({Predecessor:} 12... Rxa1 13. Qxa1 Qa8 14. O-O Qxa1 15. Rxa1 Ra8 16. Ra3 Nb6 17. h3 Nfd7 18. Rxa8+ Bxa8 {0-1 (41) Savoglou,N (2055)-Michailidis,D (1755) Athens 2012}) 13. O-O Rxa1 14. Qxa1 Ra8 15. Qd1 Qa5 16. Ne1 Ne8 17. Nc2 Nc7 18. Na3 Qb4 19. Qc2 Nb6 20. Ra1 Bc8 {[#]} (20... Qd4 $142) 21. Nd1 $1 $16 Qa4 {[#]} 22. b3 $1 {[%cal Rb3a4]} Qa7 23. Bc3 Bxc3 24. Nxc3 ({Resist} 24. Qxc3 $6 Bd7 $14) 24... Qa5 25. Ra2 (25. Qb2 $18 {Threatens to win with Nc2.} Qb4 26. Bf1) 25... Qb4 26. Nc4 $36 {[%mdl 2048] Keeping Black busy.} Rxa2 27. Nxa2 Qe1+ 28. Bf1 Nxc4 29. bxc4 Na8 30. Nc3 Nb6 31. Na4 Nxa4 (31... Nd7 $142 32. Qc3 Qxc3 33. Nxc3 Kf8) 32. Qxa4 $18 {Hoping for Qa8.} Qxe4 33. b6 ({Weaker is} 33. Qa8 Qg4 $16) 33... Kg7 {intending ...Qb1.} 34. Qa8 Qg4 {and the idea ...Qd7 leaves Black hopeful.White has a decisive advantage.} 35. b7 Bxb7 36. Qxb7 Qe4 37. Qb2+ Kg8 38. Qe2 Qh4 39. g3 {Av CentiPawn Loss W=-11/B=-18. Weighted=-11/-23} 1-0

[Event "Satka Autumn 2020"]
[Site "Satka"]
[Date "2020.10.21"]
[Round "1.13"]
[White "Shamsutdinova, Karina"]
[Black "Prudnikova, Svetlana"]
[Result "0-1"]
[WhiteElo "1762"]
[BlackElo "2203"]
[Annotator "TA"]
[PlyCount "74"]
[EventDate "2020.10.21"]
[EventType "swiss"]
[EventCountry "RUS"]
[SourceTitle "playchess.com"]
[Source "ChessBase"]
[SourceQuality "1"]

{[%evp 16,74,46,18,43,-33,-33,-29,-18,-56,-45,-189,-107,-115,-125,-127,-126,-127,-87,-98,-111,-160,-163,-149,-145,-135,0,-175,-148,-156,-125,-121,-119,-366,-352,-409,-402,-395,-404,-664,-663,-651,-652,-654,-656,-618,-613,-613,-597,-645,-642,-708,-691,-716,-697,-697,-682,-695,-681,-672,-660]} 1. d4 Nf6 2. c4 c5 3. d5 e6 4. Nc3 exd5 5. cxd5 d6 6. e4 g6 7. f4 Bg7 8. Bb5+ Nfd7 9. a4 O-O {A67: Modern Benoni: Taimanov Variation.} 10. Nge2 ({White should try} 10. Nf3 $14) 10... Qh4+ $15 11. Ng3 Nf6 {Black has an edge.} 12. Qf3 {[#]} Na6 $146 ({Predecessor:} 12... Nh5 13. O-O Bg4 14. Qf2 Nxg3 15. hxg3 Qe7 16. Be3 Bxc3 17. bxc3 Qxe4 18. Qd2 Nd7 {½-½ (31) Gennari,J (2123)-De Grandi,S (1965) Verona 2017}) 13. Nce2 (13. O-O $15) 13... Nb4 (13... Bg4 $19 14. Qf2 Nb4) 14. O-O $17 Bg4 $36 {[%mdl 2048] Keeping White busy.} 15. Qb3 a6 16. Bc4 Bd7 17. a5 Rae8 18. Bd2 Nxe4 19. Bxb4 cxb4 20. Qxb4 Bc8 {[#]} (20... Qf6 $17 21. b3 Bc8) 21. Rad1 $2 (21. Bb5 $1 $11 {[%mdl 512]} axb5 22. Nxe4) 21... Qf6 $19 22. b3 Nxg3 23. Nxg3 Re3 24. Bd3 $2 (24. Rd3 $17 {was called for.} Rfe8 25. Rxe3 Rxe3 26. Kh1) 24... Bg4 25. Ne4 Qd4 26. Qxd4 Bxd4 27. Be2 (27. Nf2 $142 Bxd1 28. Rxd1) 27... Rd3+ {Black is clearly winning.} 28. Kh1 Bxe2 29. Rxd3 Bxd3 30. Re1 Bxe4 31. Rxe4 {[%mdl 4096] Endgame KRB-KR} Bc3 32. Re7 Rb8 33. Rd7 Bb4 34. g4 Kf8 35. f5 Ke8 36. Rc7 Bxa5 37. Rc4 Ke7 {Av CentiPawn Loss W=-41/B=-16. Weighted=-60/-19} 0-1

[Event "Satka Autumn 2020"]
[Site "Satka"]
[Date "2020.10.22"]
[Round "2.1"]
[White "Bivol, Alina"]
[Black "Schepetkova, Margarita"]
[Result "1-0"]
[WhiteElo "2393"]
[BlackElo "2257"]
[Annotator "TA"]
[PlyCount "85"]
[EventDate "2020.10.21"]
[EventType "swiss"]
[EventCountry "RUS"]
[SourceTitle "playchess.com"]
[Source "ChessBase"]
[SourceQuality "1"]

{[%evp 12,85,32,27,55,50,116,36,75,86,87,89,93,56,56,56,67,54,68,44,108,103,107,98,110,101,118,116,112,105,171,163,172,160,162,157,164,166,170,164,200,160,189,158,166,160,172,65,212,172,666,604,665,658,646,641,617,610,515,536,717,677,1113,1106,1075,1003,1527,1612,1640,1645,1618,1616,29970,29971,29970,12553]} 1. e4 c5 2. Nf3 e6 3. d4 cxd4 4. Nxd4 Nc6 5. Nc3 Qc7 6. Be3 a6 7. a3 {7.Qf3 is a critical line.} Nxd4 {B48: Sicilian: Taimanov: 5 Nc3 Qc7 6 Be3 a6 without Be2.} 8. Qxd4 Ne7 (8... Be7 $14) 9. f4 (9. O-O-O $16) 9... Nc6 {White is slightly better.} 10. Qb6 Qb8 {[#]} 11. Be2 $146 ({Predecessor:} 11. O-O-O d6 12. h4 Be7 13. g4 O-O 14. Kb1 Bd8 15. Qb3 b5 16. h5 b4 17. axb4 Nxb4 {1-0 (27) Vaccarella,C (1979)-Teslenko,D (1749) ICCF email 2018}) 11... Bd6 12. O-O O-O 13. Rad1 Bc7 14. Qc5 f5 15. e5 Rf7 {[#]} (15... b6 $1 $14 16. Qc4 b5) 16. Na4 $1 $36 {[%mdl 2048] White is on the roll.} b5 17. Nb6 Bxb6 18. Qxb6 Qxb6 19. Bxb6 Bb7 20. Bf3 Kf8 (20... Rb8 $16 {might work better.}) 21. Rd6 $18 Ke8 22. Rfd1 Rb8 23. R1d2 g6 24. Kf2 Rg7 25. h4 h5 26. Ke2 Ba8 27. Be3 a5 28. Kf2 a4 29. g3 (29. Rd1 $18) 29... Bb7 {This costs Black the game.} (29... Na5 $1 $14) 30. R2d3 Bc8 $2 (30... Ba8 31. c3 Bb7) 31. Bxc6 dxc6 32. Rd8+ Kf7 33. Bc5 {[%csl Gc5][%cal Rd8f8] [#]} Rg8 34. Rxg8 Kxg8 {[%mdl 4096] Endgame KRB-KRB} 35. Rd8+ Kh7 36. Ke3 Kh6 37. Be7 Kg7 38. Kd4 Kf7 39. Bd6 Ra8 40. Kc5 Kg7 41. Kb6 c5 42. Kc7 Bb7 43. Rd7+ {Av CentiPawn Loss W=-43/B=-86. Weighted=-27/-131} 1-0

[Event "Satka Autumn 2020"]
[Site "Satka"]
[Date "2020.10.22"]
[Round "2.2"]
[White "Prudnikova, Svetlana"]
[Black "Guseva, Marina"]
[Result "0-1"]
[WhiteElo "2203"]
[BlackElo "2377"]
[Annotator "TA"]
[PlyCount "64"]
[EventDate "2020.10.21"]
[EventType "swiss"]
[EventCountry "RUS"]
[SourceTitle "playchess.com"]
[Source "ChessBase"]
[SourceQuality "1"]

{[%evp 20,64,16,0,0,0,0,-17,-27,-27,-19,-16,-22,-21,-28,-66,-76,-58,-56,-96,-104,-91,-34,-27,-2,0,7,7,10,-18,-33,-13,-25,-28,-14,-74,-68,-60,-55,-72,-78,-129,-126,-169,-168,-441,-470]} 1. d4 Nf6 2. c4 e6 3. g3 c5 4. Nf3 cxd4 5. Nxd4 d5 6. Bg2 e5 7. Nf3 d4 8. O-O Nc6 9. e3 Be7 10. exd4 exd4 11. Bf4 Be6 {E01: Catalan: Early deviations.} 12. Nbd2 O-O 13. Ne5 Nxe5 {The position is equal.} 14. Bxe5 Ng4 15. Re1 Nxe5 16. Rxe5 Qc7 {[#]} 17. Qe2 $146 ({Predecessor:} 17. Rb5 Rab8 18. Rc1 Rfd8 19. Nf3 d3 20. Ng5 Bxg5 21. Rxg5 Rd4 22. Qd2 Rxc4 23. Rxc4 Qxc4 {0-1 (33) Lopez Mulet,I (2378)-Kharitonov,A (2564) Benasque 2018}) 17... d3 18. Qe3 Rad8 19. Rb5 b6 {[%cal Bb7b6,Bb6b5,Bb5c4][%mdl 32]} 20. Bd5 Bf5 (20... Bc5 $17 21. Qxd3 a6 22. Rxc5 Qxc5) 21. Ne4 $15 Bg6 22. Qxd3 a6 23. Rb3 b5 {[#] aiming for ...bxc4.} 24. Qf3 bxc4 25. Rb7 Qe5 26. Nc3 Bd3 27. Qe3 (27. Rc1 $11) 27... Qxe3 $17 28. fxe3 Bf6 {[#] ...Bxc3 is the strong threat.} 29. e4 Kh8 30. Rc1 ({Better is} 30. Rc7) 30... Bd4+ 31. Kg2 f5 32. exf5 $2 (32. Re1) 32... Bxc3 {Av CentiPawn Loss W=-25/B=-1. Weighted=-49/0} 0-1

[Event "Satka Autumn 2020"]
[Site "Satka"]
[Date "2020.10.22"]
[Round "2.3"]
[White "Voit, Daria"]
[Black "Zherebtsova, Alexandra"]
[Result "1-0"]
[WhiteElo "2343"]
[BlackElo "2225"]
[Annotator "TA"]
[PlyCount "47"]
[EventDate "2020.10.21"]
[EventType "swiss"]
[EventCountry "RUS"]
[SourceTitle "playchess.com"]
[Source "ChessBase"]
[SourceQuality "1"]

{[%evp 12,47,31,27,27,23,51,0,0,0,0,0,39,29,177,161,168,160,133,148,105,80,146,100,141,136,126,119,331,89,355,344,1015,958,29986,29987,29998,29999]} 1. e4 e5 2. Nf3 Nc6 3. Bb5 a6 4. Ba4 b5 5. Bb3 Na5 6. d4 exd4 {The main line 6...exd4 scores better than 6...Nxb3.} 7. Qxd4 Bb7 {C70: Ruy Lopez: 3...a6 4 Ba4, Norwegian and Delayed Schliemann.} 8. Nc3 Ne7 9. h4 {[#]} ({White should try} 9. O-O $14) 9... Nxb3 $146 {The position is equal.} ({Predecessor:} 9... d6 10. Qe3 Nxb3 11. axb3 b4 12. Nd5 Nxd5 13. exd5+ Be7 14. Qe4 O-O 15. Be3 Re8 {0-1 (32) Santos,L-Moen,O Nice 1974}) 10. axb3 Nc6 11. Qd5 $40 {[%mdl 128] Black needs to defend precisely.} Rb8 12. Be3 Nb4 (12... b4 $11 {and Black stays safe.} 13. Ne2 Bd6) 13. Qe5+ $18 Be7 {[#]} 14. O-O-O $1 (14. Qxg7 Bf6 $15) 14... O-O 15. h5 d6 16. Qf4 Qc8 ({Better is} 16... Qe8) 17. Rh3 f5 18. exf5 {aiming for h6.} c5 19. g4 d5 $2 (19... h6 $16) 20. Re1 $2 (20. h6 $18 {and the rest is easy.} g6 21. Qe5) 20... Qd8 $2 {[%mdl 8192]} (20... Qd7 $16 {is a better defense.}) 21. h6 d4 $2 (21... Bd6 22. Qg5 Qxg5 23. Nxg5 (23. Bxg5 Rfe8 $14) 23... g6) 22. hxg7 {Black must now prevent Qh6.} Rf7 {[#]} 23. Rxh7 $3 {[%mdl 576] Back Rank} Kxh7 24. Qh6+ {Av CentiPawn Loss W=-27/B=-141. Weighted=-55/-152} 1-0

[Event "Satka Autumn 2020"]
[Site "Satka"]
[Date "2020.10.22"]
[Round "2.4"]
[White "Dubnikova, Anastasia"]
[Black "Kovanova, Baira"]
[Result "0-1"]
[WhiteElo "2148"]
[BlackElo "2324"]
[Annotator "TA"]
[PlyCount "98"]
[EventDate "2020.10.21"]
[EventType "swiss"]
[EventCountry "RUS"]
[SourceTitle "playchess.com"]
[Source "ChessBase"]
[SourceQuality "1"]

{[%evp 10,98,2,1,10,10,11,-5,18,12,7,5,24,14,11,-28,1,-26,-25,-10,0,0,38,-15,-4,-12,-6,-18,-14,-36,-41,-119,-140,-121,-130,-407,-410,-403,-404,-400,-413,-400,-384,-367,-352,-367,-374,-424,-440,-431,-325,-379,-367,-377,-374,-418,-410,-459,-452,-460,-427,-536,-488,-473,-470,-460,-460,-561,-550,-556,-493,-695,-675,-722,-654,-1183,-1133,-1846,-1872,-1770,-1648,-1734,-1645,-5093,-5093,-5808,-5110,-7471,-6781,-29981,-29982]} 1. Nf3 Nf6 2. d4 e6 3. Bf4 c5 4. e3 Nc6 5. Nbd2 Be7 6. c3 O-O {A46: 1 d4 Nf6 2 Nf3 e6: Torre, London and Colle Systems.} 7. Bd3 b6 8. Qe2 d6 {[#] The position is equal.} 9. e4 $146 ({Predecessor:} 9. h3 cxd4 10. exd4 Bb7 11. O-O Re8 12. Rfe1 Bf8 13. Bg5 h6 14. Bh4 Be7 15. Rad1 a6 16. Bb1 Nh5 17. Bxe7 Nxe7 18. Qd3 Ng6 19. Qe3 Nhf4 20. g3 Nd5 {0-1 (70) Hu,J (2120)-Li,R (2425) Canberra 2008}) 9... cxd4 10. Nxd4 Bb7 11. Nxc6 Bxc6 12. Bb5 Bb7 13. Ba6 Bxa6 14. Qxa6 e5 15. Bg3 d5 16. O-O ({White should try} 16. O-O-O $14) 16... dxe4 $11 17. Nc4 Qd5 18. Rad1 Qe6 19. Nxe5 Nh5 $1 {[%cal Rh5g3]} 20. Qb5 (20. Nc4 $1 $15) 20... Nxg3 21. hxg3 {[#]} e3 $1 22. Rfe1 $2 {[%mdl 8192] Now White is beyond hope.} (22. fxe3 $17 Bc5 23. Nf3) 22... exf2+ $19 23. Kxf2 {[#]} Qf5+ $1 24. Kg1 Bc5+ 25. Rd4 Bxd4+ 26. cxd4 Rad8 27. Qa4 Qg5 28. Qxa7 Qxg3 29. Nf3 Qd6 30. Qe7 Qc6 31. Qg5 h6 32. Qf4 Qd5 33. a3 Rfe8 34. Rxe8+ Rxe8 {[%mdl 4096] Endgame KQR-KQN} 35. Qc7 Re6 36. Qc8+ Kh7 37. Qc2+ g6 38. Qd2 g5 39. Qc2+ Kg7 40. Qc3 (40. Qf2 $142) 40... Re4 41. Kf2 h5 42. a4 g4 43. Ne5 Qxd4+ 44. Qxd4 Rxd4 {KR-KN} 45. b3 Rb4 46. Kg3 Rxb3+ 47. Kh4 f6 48. Nc6 Ra3 49. a5 bxa5 {Av CentiPawn Loss W=-141/B=-46. Weighted=-140/-53} 0-1

[Event "Satka Autumn 2020"]
[Site "Satka"]
[Date "2020.10.22"]
[Round "2.5"]
[White "Borisova, Ekaterina"]
[Black "Protopopova, Anastasiya"]
[Result "0-1"]
[WhiteElo "2292"]
[BlackElo "2210"]
[Annotator "TA"]
[PlyCount "74"]
[EventDate "2020.10.21"]
[EventType "swiss"]
[EventCountry "RUS"]
[SourceTitle "playchess.com"]
[Source "ChessBase"]
[SourceQuality "1"]

{[%evp 11,74,-7,-8,-21,-19,-54,-33,-27,-10,-26,7,-75,-47,-57,-58,-60,-38,-32,-27,-43,2,0,9,0,0,-77,-62,-72,-75,-83,-89,-88,-89,-93,-90,-78,-86,-78,-83,-104,-39,-105,-105,-113,-29,-55,-29,-62,0,0,0,-4,0,-377,-388,-491,-512,-802,-779,-1556,-1554,-1517,-1510,-1345,-1255]} 1. Nf3 c5 2. g3 Nc6 3. d4 cxd4 4. Nxd4 g6 5. Bg2 Bg7 6. Nb3 Nf6 7. O-O {A04: Unusual lines after 1 Nf3 and King's Indian Attack.} h5 {[#]} 8. c4 $146 ({Predecessor:} 8. h4 d6 9. c4 Be6 10. c5 d5 11. Nc3 Qd7 12. Nd4 Nxd4 13. Qxd4 O-O 14. Qb4 a5 {½-½ (48) Burmakin,V (2583)-Shimanov,A (2606) St Petersburg 2014}) 8... d6 9. c5 {Black is slightly better.} d5 10. Nc3 Be6 11. Bf4 (11. Bg5 $11) 11... Qd7 12. h4 O-O 13. Nd4 Nxd4 14. Qxd4 Ne4 15. Be5 f6 16. Bf4 Nxc3 17. Qxc3 Bf7 18. e4 (18. Rac1 $11 {remains equal.}) 18... e5 19. Bd2 d4 20. Qd3 Rfc8 21. Rfc1 Bf8 22. b4 b6 {[%cal Rb6c5]} 23. cxb6 {[#]} Rxc1+ $1 24. Rxc1 {And now Qa6 would win.} axb6 25. a3 Qa4 (25... b5 $17 26. Qf3 Ra6) 26. Rc7 (26. Bh3 $15) 26... Bd6 $17 27. Rc1 b5 ({Black should try} 27... Qxa3 $17 28. Qxa3 Rxa3) 28. Qf3 Be7 29. Rc7 Bd8 (29... Ra7 $15 30. Rxa7 Qxa7) 30. Rd7 $40 {[%mdl 128] White mounts an attack.} Qa6 31. Bh3 Qc6 32. Kg2 $2 {[%mdl 8192] [#]} ({Don't blunder} 32. Bh6 $2 f5 $19) (32. Bg5 $1 $11 {and White stays safe.}) 32... f5 $1 $19 {[%mdl 512]} 33. Bxf5 (33. exf5 e4) 33... gxf5 {Black is clearly winning.} 34. Qxf5 (34. Rxf7 $142 Kxf7 35. Qxf5+ Kg8 36. Qxe5) 34... Bg6 35. Qh3 Qxe4+ 36. f3 Qe2+ {[%mdl 64] Double Attack} 37. Kg1 Qd1+ {Av CentiPawn Loss W=-56/B=-16. Weighted=-73/-16} 0-1

[Event "Satka Autumn 2020"]
[Site "Satka"]
[Date "2020.10.22"]
[Round "2.6"]
[White "Filippova, Margarita"]
[Black "Smirnova, Ekaterina"]
[Result "1/2-1/2"]
[WhiteElo "1896"]
[BlackElo "2282"]
[Annotator "TA"]
[PlyCount "87"]
[EventDate "2020.10.21"]
[EventType "swiss"]
[EventCountry "RUS"]
[SourceTitle "playchess.com"]
[Source "ChessBase"]
[SourceQuality "1"]

{[%evp 22,87,16,0,3,0,0,0,0,-20,-20,-10,-14,-35,-34,-29,-27,-56,-33,-45,-51,-106,-102,-106,-106,-106,-106,-106,-106,-106,-106,-106,-107,-107,-107,-107,-107,-114,-109,-103,-110,-104,-103,-95,-97,-134,-26,-44,-16,-16,-16,-22,0,0,24,0,8,24,0,0,0,0,0,0,0,0,0,0]} 1. d4 d5 2. c4 c6 3. Nf3 Nf6 4. e3 e6 5. Bd3 Be7 6. O-O O-O 7. b3 b6 8. Bb2 Bb7 9. Nbd2 Nbd7 10. Qe2 c5 11. Ne5 Ne4 12. Rad1 (12. Rfd1 {with more complications.} cxd4 13. Nxd7 Qxd7 14. Bxd4 Nxd2 15. Rxd2 Rac8 16. Rad1) 12... cxd4 {D30: Queen's Gambit Declined: Systems without Nc3.} 13. exd4 (13. Nxd7 {seems wilder.} Qxd7 14. Bxd4 Bb4 15. Qh5 f5 16. Nf3) 13... Nxd2 {[#]} 14. Rxd2 $146 ({Predecessor:} 14. Nxd7 Nxf1 15. Nxf8 Qxf8 16. Rxf1 Bf6 17. h3 Rd8 18. Rd1 g6 19. cxd5 Bxd5 20. Be4 Bxe4 21. Qxe4 {0-1 (41) Foltys,J-Gerstenfeld,E Lodz 1938}) 14... dxc4 15. bxc4 Nxe5 16. Qxe5 Bf6 17. Qe2 Rc8 18. Rfd1 Qc7 19. h3 g6 20. Rc2 Rfd8 $36 {[%mdl 2048] Black fights for an advantage.} 21. c5 (21. Qe3 $15) 21... Qc6 $17 {[%csl Gb7][%cal Rc6g2]} ({Don't play} 21... Bxd4 $6 {[#]} 22. c6 $1 $11 {[%mdl 512]}) 22. Qf1 Bxd4 23. Bxd4 Rxd4 24. cxb6 Qxb6 25. Rb1 Rb4 26. Rxb4 Qxb4 27. Rxc8+ Bxc8 28. Qc1 Bb7 29. Qc7 Qb6 30. Qb8+ Kg7 31. Qe5+ f6 32. Qg3 e5 33. h4 Qd4 (33... Bd5 $17 34. h5 Bf7 35. hxg6 hxg6) 34. h5 $1 $11 {[%cal Rd3g6]} Qf4 {Strongly threatening ...Qxg3.} 35. Qh3 $1 {[%cal Rh3d7]} f5 {White should prevent ...Qc1+.} 36. Bf1 $1 Qc1 {[#] And now ...Ba6 would win.} 37. h6+ $1 {[%mdl 512]} Qxh6 (37... Kf6 $5 {[%cal Rb7a6]} 38. Qh4+ g5 $11) 38. Qa3 {White wants to mate with Qe7+!} (38. Qd3 {looks sharper.} Bc6 39. Qc3 g5 40. Qxe5+ Qf6 41. Qc7+) 38... Qh4 39. Qxa7 Qe4 $1 40. Qc5 {The position is equal.} h5 41. Qe7+ Kh6 42. Qf8+ Kh7 $1 43. Qf7+ Kh6 44. Qf8+ {Av CentiPawn Loss W=-5/B=-5. Weighted=-6/-5} 1/2-1/2